| 000 | 00542nam a2200193 a 4500 | ||
|---|---|---|---|
| 005 | 20240803063742.0 | ||
| 008 | 991125s1985 mx 000 0 fre u | ||
| 020 | _a9682201314 | ||
| 035 | _aUPN01000057611 | ||
| 049 | _aCG | ||
| 050 | 4 |
_aPQ6605 E4.4 _bC6a |
|
| 100 | 1 |
_aCela, Camilo José, _d1916-2002 _931788 |
|
| 245 | 1 | 3 |
_aLa colmena / _cCamilo José Cela. |
| 260 |
_aMéxico : _bOrigen : _bSeix Barral, _c1985. |
||
| 300 | _a322 p. | ||
| 440 | 0 |
_aObras maestras del siglo XX ; _v83 |
|
| 650 | 4 |
_aNovela española _910814 |
|
| 905 | _aLibro | ||
| 999 |
_c57611 _d57611 |
||